000 01603nam0a2200313 4500
001 RU\NLR\bibl\489786
005 20250623194918.0
010 _a5-89847-101-4
_9100
021 _aRU
_b2004-1116
_961
035 _a(NLR Aleph) 000482462
090 _a1062443
_c1062443
100 _a20040212d2003 |||y0rusy50 ca
101 0 _arus
102 _aRU
105 _aa |||||||||
200 1 _aЭкология энергетики
_eУчеб. пособие
_fС.А. Федоров
_gМеждунар. ун-т природы, о-ва и человека "Дубна". Каф. экологии и наук о Земле
210 _aДубна
_cМеждунар. ун-т природы, о-ва и человека "Дубна"
_d2003
215 _a127 с.
_cил.
_d20
320 _aБиблиогр.: с. 126 (13 назв.)
606 0 _aОкружающая среда
_jРуководства, пособия и т.п. для высшей школы
_xЗагрязнение отходами энергетических предприятий
_92312987
_3RU\NLR\auth\661384197
606 0 _aОкружающая среда
_jУчебные издания для высших учебных заведений
_xЗагрязнение отходами энергетических предприятий
_92312987
_3RU\NLR\auth\661384197
686 _aЗ370.2-526н6я73-1
700 1 _aФедоров
_bС. А.
_gСергей Анатольевич
_4070
801 0 _aRU
_bNLR
_c20040212
_gPSBO
801 1 _aRU
_bNLR
_c20040212
830 _aАвт. по кн.
942 _cBOOK
980 _aNB